| 000 | 00496nam a2200193Ia 4500 | ||
|---|---|---|---|
| 005 | 20230704114416.0 | ||
| 008 | 131103s9999 xx 000 0 und d | ||
| 020 |
_a749397675 _cGBP:2.50 |
||
| 040 | _aLoreto College | ||
| 041 | _aEnglish | ||
| 082 |
_aF _bBUT |
||
| 100 | _aButler,Robert Olen | ||
| 245 | 2 |
_aA good scent from a strong mountain _cRobert Olen Butler |
|
| 260 |
_aLondon _bMinerva _c1992 |
||
| 300 | _a249 p. | ||
| 650 | _aFiction in English | ||
| 850 | _aLCLIB | ||
| 942 | _cBK | ||
| 999 |
_c16426 _d66905 |
||